000 00521nam a2200169 i 4500
001 45248
003 ES-MaACL
005 20230906161204.0
007 t|
008 030325s1989 sp ||||1| spa d
020 _a84-404-3588-6
100 1 _aCobos López de Baños, Ignacio.
_939373
245 1 0 _aRefranero y dichos del campo de todas las lenguas de España /
_cIgnacio Cobos López de Baños.
260 _aMadrid :
_b[El Autor],
_c1989.
300 _aXVI, 636 p. ;
_c21 cm.
852 _aES-MaACL
_jL-13059
_bR.116352
999 _c45248
_d45248